[Event "Latschach op 30th"]
[Site "Latschach"]
[Date "2014.08.15"]
[Round "8"]
[White "Loebler, Heimo"]
[Black "Linnert, Peter"]
[Result "1/2-1/2"]
[WhiteElo "2151"]
[BlackElo "2016"]
[PlyCount "36"]
[EventDate "2014.08.09"]
[EventType "swiss"]
[EventRounds "9"]
[EventCountry "AUT"]
[SourceTitle "CBM 161 Extra"]
[Source "ChessBase"]
[SourceDate "2014.08.29"]
[SourceVersion "1"]
[SourceVersionDate "2014.08.29"]
[SourceQuality "1"]

1. d4 d5 2. c4 c6 3. e3 Nf6 4. Nc3 e6 5. Nf3 Bd6 6. Bd3 Nbd7 7. e4 dxc4 8. Bxc4 e5 9. dxe5 Nxe5 10. Nxe5 Bxe5 11. Qxd8+ Kxd8 12. f3 Ke7 13. Be3 b6 14. Rc1 Rd8 15. Kf2 Be6 16. Bxe6 Kxe6 17. Na4 c5 18. Nc3 Rd7 1/2-1/2

[Event "AUT-chT2O 1213"]
[Site "Austria"]
[Date "2012.10.07"]
[Round "2.4"]
[White "Linnert, Peter"]
[Black "Wagner, Stefan"]
[Result "0-1"]
[WhiteElo "2044"]
[BlackElo "2178"]
[PlyCount "62"]
[EventDate "2012.10.06"]
[EventType "team-tourn"]
[EventRounds "11"]
[EventCountry "AUT"]
[SourceTitle "EXT 2013"]
[Source "ChessBase"]
[SourceDate "2012.11.22"]
[SourceVersion "1"]
[SourceVersionDate "2012.11.22"]
[SourceQuality "1"]
[WhiteTeam "Hietzing"]
[BlackTeam "Zwettl II"]
[WhiteTeamCountry "AUT"]
[BlackTeamCountry "AUT"]

1. c4 b6 2. Nc3 Bb7 3. e4 e6 4. Nf3 Bb4 5. a3 Bxc3 6. bxc3 Bxe4 7. d3 Bb7 8. Be3 f5 9. c5 Nf6 10. c4 0-0 11. Be2 Qe7 12. cxb6 axb6 13. Qb3 Nc6 14. 0-0 Na5 15. Qb2 d6 16. d4 Ne4 17. Bc1 Ba6 18. Qc2 c5 19. Bb2 Rac8 20. d5 exd5 21. cxd5 Bxe2 22. Qxe2 Qb7 23. Rfd1 b5 24. Rab1 Nc4 25. Bc1 Nc3 26. Qxc4 bxc4 27. Rxb7 Nxd1 28. Bf4 Nc3 29. Bxd6 Rf7 30. Rb2 Rd7 31. Bxc5 Rxc5 0-1

[Event "Latschach op 28th"]
[Site "Latschach"]
[Date "2012.08.17"]
[Round "8"]
[White "Lang, Ferdinand"]
[Black "Linnert, Peter"]
[Result "1/2-1/2"]
[WhiteElo "2130"]
[BlackElo "2012"]
[PlyCount "50"]
[EventDate "2012.08.11"]
[EventType "swiss"]
[EventRounds "9"]
[EventCountry "AUT"]
[SourceTitle "CBM 149 Extra"]
[Source "ChessBase"]
[SourceDate "2012.08.24"]
[SourceVersion "1"]
[SourceVersionDate "2012.08.24"]
[SourceQuality "1"]

1. e4 e6 2. d4 d5 3. Nc3 Nf6 4. exd5 exd5 5. Bd3 c6 6. Bg5 Be7 7. Qd2 Bg4 8. Nge2 Nbd7 9. 0-0 0-0 10. Rae1 Qc7 11. Nd1 Bd6 12. Ng3 h6 13. Be3 Rae8 14. h3 Bxd1 15. Rxd1 Bxg3 16. fxg3 Ne4 17. Bxe4 Rxe4 18. Rf3 Qd6 19. Rdf1 Nb6 20. b3 Qe6 21. Qd3 Re8 22. Bd2 Nd7 23. Kh2 b6 24. Rf5 Re7 25. c3 Re2 1/2-1/2

[Event "Latschach op 28th"]
[Site "Latschach"]
[Date "2012.08.12"]
[Round "2"]
[White "Dappiano, Andrea"]
[Black "Linnert, Peter"]
[Result "1-0"]
[WhiteElo "2180"]
[BlackElo "2012"]
[PlyCount "104"]
[EventDate "2012.08.11"]
[EventType "swiss"]
[EventRounds "9"]
[EventCountry "AUT"]
[SourceTitle "CBM 149 Extra"]
[Source "ChessBase"]
[SourceDate "2012.08.24"]
[SourceVersion "1"]
[SourceVersionDate "2012.08.24"]
[SourceQuality "1"]

1. c4 e5 2. Nc3 Nc6 3. g3 g6 4. Bg2 Bg7 5. e4 d6 6. Nge2 Be6 7. d3 Qd7 8. Nd5 h6 9. 0-0 Nd4 10. Nxd4 exd4 11. Nf4 Bg4 12. f3 Be6 13. Nxe6 fxe6 14. f4 0-0-0 15. Qg4 Qf7 16. Bh3 Re8 17. f5 exf5 18. exf5 Kb8 19. fxg6 Qe7 20. Bd2 Nf6 21. Qf3 Qe2 22. Bg2 d5 23. Bf4 Qxf3 24. Bxf3 dxc4 25. dxc4 Re6 26. Rfe1 Rhe8 27. Kf1 Ne4 28. Bxe4 Rxe4 29. Rxe4 Rxe4 30. Re1 Rxe1+ 31. Kxe1 Kc8 32. b4 Kd7 33. Kd2 c6 34. Kd3 Ke6 35. Ke4 h5 36. Bb8 a6 37. Ba7 Bf8 38. a3 Kf6 39. Bxd4+ Kxg6 40. h3 Bh6 41. Be3 Bg7 42. a4 Bc3 43. b5 cxb5 44. cxb5 Be1 45. g4 hxg4 46. hxg4 Kf7 47. Kd5 Bb4 48. b6 Kg6 49. Ke6 Ba5 50. Kd7 Bxb6 51. Bxb6 Kg5 52. Kc7 Kxg4 1-0

[Event "Ernst Stoeckl Memorial 1st"]
[Site "Vienna"]
[Date "2002.02.07"]
[Round "6.1"]
[White "Hangweyrer, Roman"]
[Black "Linnert, Peter"]
[Result "1-0"]
[WhiteElo "2081"]
[BlackElo "1891"]
[PlyCount "37"]
[EventDate "2002.02.02"]
[EventType "swiss"]
[EventRounds "9"]
[EventCountry "AUT"]
[SourceTitle "EXT 2003"]
[Source "ChessBase"]
[SourceDate "2002.11.25"]
[SourceVersion "1"]
[SourceVersionDate "2002.11.25"]
[SourceQuality "1"]

1. Nf3 b6 2. g3 Bb7 3. Bg2 d5 4. d4 Nf6 5. 0-0 e6 6. c4 Be7 7. cxd5 exd5 8. Nc3 0-0 9. Ne5 a6 10. Qc2 Nbd7 11. Bf4 Rc8 12. Rfd1 h6 13. Rac1 Bd6 14. Qf5 Qe7 15. Nxd7 Nxd7 16. Bxd5 Bxf4 17. Qxf4 Bxd5 18. Nxd5 Qxe2 19. Re1 1-0

[Event "Ernst Stoeckl Memorial 1st"]
[Site "Vienna"]
[Date "2002.??.??"]
[Round "1"]
[White "Kuthan, Andreas"]
[Black "Linnert, Peter"]
[Result "1-0"]
[WhiteElo "2146"]
[BlackElo "1891"]
[PlyCount "49"]
[EventDate "2002.02.02"]
[EventType "swiss"]
[EventRounds "9"]
[EventCountry "AUT"]
[SourceTitle "EXT 2003"]
[Source "ChessBase"]
[SourceDate "2002.11.25"]
[SourceVersion "1"]
[SourceVersionDate "2002.11.25"]
[SourceQuality "1"]

1. e4 e5 2. Nf3 Nf6 3. Nxe5 d6 4. Nf3 Nxe4 5. d3 Nf6 6. d4 d5 7. c4 Nc6 8. Nc3 Bg4 9. cxd5 Nxd5 10. Bc4 Qe7+ 11. Kf1 Nb6 12. Bb3 0-0-0 13. d5 Ne5 14. Qd4 Bxf3 15. gxf3 Kb8 16. f4 Ng4 17. f5 Qh4 18. Kg2 Qh5 19. Bd1 Qxf5 20. Qxg4 Qxg4+ 21. Bxg4 Nxd5 22. Rd1 c6 23. Bf3 Bc5 24. Nxd5 cxd5 25. Bf4+ 1-0